The age of the democratic revolution : (Record no. 23306)

MARC details
000 -LEADER
campo de control de longitud fija 01926cam a2200421 i 4500
001 - NÚMERO DE CONTROL
campo de control 128213
005 - FECHA Y HORA DE LA ÚLTIMA TRANSACCIÓN
campo de control 20230410103644.0
008 - DATOS DE LONGITUD FIJA--INFORMACIÓN GENERAL
campo de control de longitud fija 140210s2014 njub b 001 0 eng d
035 ## - NÚMERO DE CONTROL DEL SISTEMA
Número de control de sistema 18037545
010 ## - NÚMERO DE CONTROL DE LA BIBLIOTECA DEL CONGRESO
Número de control de LC 2014933004
020 ## - NÚMERO INTERNACIONAL ESTÁNDAR DEL LIBRO
Número Internacional Estándar del Libro 9780691161280
020 ## - NÚMERO INTERNACIONAL ESTÁNDAR DEL LIBRO
Número Internacional Estándar del Libro 0691161283
035 ## - NÚMERO DE CONTROL DEL SISTEMA
Número de control de sistema (OCoLC)ocn880892102
040 ## - FUENTE DE CATALOGACIÓN
Centro catalogador/agencia de origen TOH
Lengua de catalogación eng
Centro/agencia transcriptor TOH
Centro/agencia modificador BDX
-- YDXCP
-- OCLCO
-- SINTU
-- OCLCO
-- CDX
-- LTSCA
-- HLS
-- OCLCF
-- NKM
-- OCLCQ
-- OCL
-- DLC
Normas de descripción rda
Centro/agencia modificador DLC
041 ## - CÓDIGO DE IDIOMA
Código de lengua del texto/banda sonora o título independiente eng
042 ## - CÓDIGO DE AUTENTICACIÓN
Código de autenticación lccopycat
043 ## - CÓDIGO DE ÁREA GEOGRÁFICA
Código de área geográfica e------
050 14 - SIGNATURA TOPOGRÁFICA DE LA BIBLIOTECA DEL CONGRESO
Número de clasificación 300 D 295
Número de ítem P175a 2014
082 00 - NÚMERO DE LA CLASIFICACIÓN DECIMAL DEWEY
Número de clasificación 940.2/53
100 1# - ENTRADA PRINCIPAL--NOMBRE DE PERSONA
Nombre de persona Palmer, R. R.
Forma completa/desarrollada del nombre (Robert Roswell),
Fechas asociadas al nombre 1909-2002.
245 14 - MENCIÓN DEL TÍTULO
Título The age of the democratic revolution :
Resto del título a political history of Europe and America, 1760-1800 /
Mención de responsabilidad, etc. R. R. Palmer ; with a new foreword by David Armitage.
250 ## - MENCION DE EDICION
Mención de edición First Princeton Classics edition.
260 ## - PUBLICACIÓN, DISTRIBUCIÓN, ETC.
Lugar de publicación, distribución, etc. Princeton, NJ :
Nombre del editor, distribuidor, etc. Princeton University Press,
Fecha de publicación, distribución, etc. [2014]
300 ## - DESCRIPCIÓN FÍSICA
Extensión xxii, 853 pages :
Otras características físicas maps ;
Dimensiones 22 cm.
490 1# - MENCIÓN DE SERIE
Mención de serie Princeton classics
500 ## - NOTA GENERAL
Nota general "This book includes the complete text of the work originally published in two volumes as The Age of the Democratic Revolution: the Challenge (copyright 1959 by Princeton University Press) and The Age of the Democratic Revolution: The Struggle (copyright 1964 by Princeton University Press)."--Title page verso.
504 ## - NOTA DE BIBLIOGRAFÍA, ETC.
Nota de bibliografía, etc. Includes bibliographical references and index.
651 #0 - PUNTO DE ACCESO ADICIONAL DE MATERIA--NOMBRE GEOGRÁFICO
Nombre geográfico Europe
Subdivisión general Politics and government
Subdivisión cronológica 18th century.
650 #0 - PUNTO DE ACCESO ADICIONAL DE MATERIA--TÉRMINO DE MATERIA
Término de materia o nombre geográfico como elemento de entrada Constitutional history.
651 #4 - PUNTO DE ACCESO ADICIONAL DE MATERIA--NOMBRE GEOGRÁFICO
Nombre geográfico Europa
Subdivisión general Política y gobierno
Subdivisión cronológica Siglo XVIII
651 #4 - PUNTO DE ACCESO ADICIONAL DE MATERIA--NOMBRE GEOGRÁFICO
Nombre geográfico Europa
Subdivisión general Historia
Subdivisión cronológica Siglo XVIII
700 1# - ENTRADA AGREGADA--NOMBRE PERSONAL
Nombre de persona Armitage, David,
Fechas asociadas al nombre 1965-
830 #0 - PUNTO DE ACCESO ADICIONAL DE SERIE-TÍTULO UNIFORME
Título uniforme Princeton classics.
856 42 - LOCALIZACIÓN Y ACCESO ELECTRÓNICOS
Materiales especificados Contributor biographical information
Identificador Uniforme de Recursos <a href="https://www.loc.gov/catdir/enhancements/fy1617/2014933004-b.html">https://www.loc.gov/catdir/enhancements/fy1617/2014933004-b.html</a>
856 42 - LOCALIZACIÓN Y ACCESO ELECTRÓNICOS
Materiales especificados Publisher description
Identificador Uniforme de Recursos <a href="https://www.loc.gov/catdir/enhancements/fy1617/2014933004-d.html">https://www.loc.gov/catdir/enhancements/fy1617/2014933004-d.html</a>
942 ## - ELEMENTOS DE ENTRADA SECUNDARIOS (KOHA)
Fuente del sistema de clasificación o colocación Clasificación de Library of Congress
Tipo de ítem Koha
946 ## - PROCESAMIENTO DE INFORMACIÓN LOCAL (OCLC)
a dpf
Holdings
Estatus retirado Estado de pérdida Fuente del sistema de clasificación o colocación Estado de daño No para préstamo Colección Biblioteca de origen Biblioteca actual Ubicación en estantería Fecha de adquisición Serial enumeration / chronology Signatura topográfica completa Código de barras Visto por última vez Copia número Tipo de ítem Koha
    Clasificación de Library of Congress     Recursos Regionales Biblioteca Juan Bosch Biblioteca Juan Bosch Recursos Regionales (2do. Piso) 10/04/2023 1 300 D 295 P175a 2014 00000121821 23/10/2018 1